The making of South East Asia

Contents: The pattern of settlement in Indochina; The founding of the first Indochinese states; The Indochises states from the sixth to the thirteenth century; The crisis of the thirteenth century and the decline of Indian cultural influence; The Indochinese states after the thirteenth century.

שמור ב:
מידע ביבליוגרפי
מחבר ראשי: Coedès, G.
פורמט: ספר
שפה:Undetermined
יצא לאור: California Univ. of California 1967
נושאים:
תגים: הוספת תג
אין תגיות, היה/י הראשונ/ה לתייג את הרשומה!
Thư viện lưu trữ: Trung tâm Học liệu Trường Đại học Cần Thơ
LEADER 00877nam a2200205Ia 4500
001 CTU_10859
008 210402s9999 xx 000 0 und d
082 |a 959 
082 |b C669 
100 |a Coedès, G. 
245 4 |a The making of South East Asia 
245 0 |c G. Coedès ; Translated by H. M. Wright 
260 |a California 
260 |b Univ. of California 
260 |c 1967 
520 |a Contents: The pattern of settlement in Indochina; The founding of the first Indochinese states; The Indochises states from the sixth to the thirteenth century; The crisis of the thirteenth century and the decline of Indian cultural influence; The Indochinese states after the thirteenth century. 
650 |a Asia, Southeastern,Châu Á, Đông Nam Á 
650 |x History,Lịch sử 
910 |a Trúc 
980 |a Trung tâm Học liệu Trường Đại học Cần Thơ